000 00335nam a22001457a 4500
008 210528b ||||| |||| 00| 0 eng d
020 _a9780721693781
041 _aeng
080 _22nd
_a615.83
082 _a615.83
100 _a8
101 _aEGZ
245 _aPhysical Agents in Rehabilitation
_cCameron,M.H
942 _2udc
_cBK
999 _c57760
_d57760